Countries by First Two Letters of Capitals and Borders in 15 Seconds - Statistics

General Stats
  • This quiz has been taken 2,852 times
  • The average score is 100 of 157
Answers on the Map
Answers color-coded by a green-red scale on the quiz's map according to % correct below.
 
Answer Stats
Country % Correct
Brazil
96%
Poland
96%
Russia
96%
France
95%
Germany
95%
Ukraine
95%
Belarus
93%
China
93%
Mexico
93%
Czech Republic
92%
Lithuania
92%
Slovakia
91%
Argentina
90%
Belgium
87%
Kazakhstan
87%
United States
87%
Austria
86%
Colombia
86%
Hungary
86%
Luxembourg
86%
Myanmar
86%
North Korea
86%
Canada
85%
Italy
85%
Netherlands
85%
Pakistan
85%
India
84%
Mongolia
84%
Uruguay
84%
Guatemala
83%
Nepal
83%
Serbia
83%
Bhutan
81%
Cameroon
81%
D. R. Congo
81%
Guyana
81%
Bolivia
80%
Croatia
80%
Israel
80%
Montenegro
80%
Mozambique
80%
Rep. of the Congo
80%
Romania
80%
Spain
79%
Tanzania
78%
Afghanistan
77%
Azerbaijan
77%
Bosnia and Herzegovina
77%
Switzerland
77%
Venezuela
77%
Central African Republic
76%
Peru
76%
Syria
76%
Gabon
75%
Guinea
75%
Bulgaria
74%
Côte d'Ivoire
74%
Laos
74%
Macedonia
74%
Zimbabwe
74%
Georgia
73%
South Africa
73%
Belize
72%
Saudi Arabia
72%
Sudan
72%
Zambia
72%
Angola
71%
Latvia
71%
Libya
71%
Ethiopia
70%
Kosovo
70%
Kyrgyzstan
70%
Lesotho
70%
Paraguay
70%
Swaziland
70%
Tajikistan
70%
Estonia
69%
Kenya
69%
Niger
69%
Algeria
67%
Denmark
67%
Finland
67%
Monaco
67%
Norway
67%
Suriname
67%
Iraq
66%
Lebanon
66%
Somalia
66%
Vietnam
66%
Djibouti
65%
Mali
65%
Costa Rica
64%
Liechtenstein
64%
Liberia
63%
Sierra Leone
63%
Burkina Faso
62%
Honduras
62%
Morocco
61%
Nicaragua
61%
Botswana
60%
South Sudan
60%
Turkey
60%
Namibia
58%
Oman
58%
Andorra
57%
Chile
57%
Iran
57%
Malawi
57%
Equatorial Guinea
55%
Egypt
54%
Jordan
54%
Portugal
54%
United Kingdom
54%
Benin
53%
Chad
51%
Armenia
50%
Kuwait
50%
Yemen
50%
Panama
49%
El Salvador
45%
Rwanda
45%
Moldova
44%
Togo
43%
Uganda
43%
Bangladesh
42%
Tunisia
42%
United Arab Emirates
42%
Burundi
41%
Malaysia
41%
Senegal
41%
Mauritania
40%
Qatar
40%
Ecuador
39%
Nigeria
39%
Sri Lanka
38%
Turkmenistan
38%
San Marino
37%
Thailand
37%
Ghana
35%
Cambodia
32%
Dominican Republic
32%
Haiti
32%
Gambia
31%
Indonesia
31%
Brunei
30%
Ireland
30%
Slovenia
29%
Albania
28%
Papua New Guinea
27%
Sweden
26%
Uzbekistan
26%
Greece
25%
East Timor
23%
Eritrea
23%
Guinea-Bissau
19%
Vatican City
18%
South Korea
12%
No matching quizzes found
Score Distribution
Percent of People with Each Score
Percentile by Number Answered
Your Score History
You have not taken this quiz